Del ático al entresuelo (Record no. 113798)

MARC details
000 -LEADER
campo de control de longitud fija 00558nam a2200193 4500
001 - NÚMERO DE CONTROL
campo de control 113798
003 - IDENTIFICADOR DE NÚMERO DE CONTROL
campo de control ES-MaACL
005 - FECHA Y HORA DE LA ÚLTIMA TRANSACCIÓN
campo de control 20230906190016.0
007 - CAMPO FIJO DE DESCRIPCIÓN FÍSICA--INFORMACIÓN GENERAL
campo de control de longitud fija t|
008 - DATOS DE LONGITUD FIJA--INFORMACIÓN GENERAL
campo de control de longitud fija 061121s1971 sp r ||||1| spa d
100 1# - ENTRADA PRINCIPAL--NOMBRE DE PERSONA
Nombre de persona Padilla, Pedro Pablo.
9 (RLIN) 88177
245 10 - MENCIÓN DEL TÍTULO
Título Del ático al entresuelo
Resto del título : novela /
Mención de responsabilidad, etc. Pedro Pablo Padilla.
250 ## - MENCION DE EDICION
Mención de edición [1ª ed.].
260 ## - PUBLICACIÓN, DISTRIBUCIÓN, ETC.
Lugar de publicación, distribución, etc. Barcelona :
Nombre del editor, distribuidor, etc. Planeta,
Fecha de publicación, distribución, etc. 1971.
300 ## - DESCRIPCIÓN FÍSICA
Extensión 265 p. ;
Dimensiones 19 cm.
500 ## - NOTA GENERAL
Nota general Premio Ateneo de Sevilla 1971.
852 ## - LOCALIZACIÓN
Ubicación ES-MaACL
Número de control de estantería E-8029
Sublocalización o colección R.92316
852 ## - LOCALIZACIÓN
Ubicación ES-MaACL
Número de control de estantería C-41555
Sublocalización o colección R.77808
Holdings
Estatus retirado Estado de pérdida Estado de daño No para préstamo Biblioteca de origen Biblioteca actual Ubicación en estantería Fecha de adquisición Fuente de adquisición Total de préstamos Signatura topográfica completa Código de barras Visto por última vez Precio de reemplazo Tipo de ítem Koha
        Biblioteca del Ateneo de Madrid Biblioteca del Ateneo de Madrid Depósito 2 17/01/2008     C-41555 1118682 23/02/2023 23/02/2023 Libro impreso
        Biblioteca del Ateneo de Madrid Biblioteca del Ateneo de Madrid Depósito 2 17/01/2008     E-8029 1118681 23/02/2023 23/02/2023 Libro impreso